Estudio para el fortalecimiento y expansión de la microempresa distribuidora Variedades Romero y Cía. Ltda

El presente estudio es un análisis del tipo descriptivo correlacional para el fortalecimiento y expansión de la distribuidora Variedades Romero y Cia Ltda, basado en la observación y en el uso de herramientas de recolección de datos como lo es la encuesta y la entrevista.

Bibliographic Details
Main Author: Massoud Campos, Ingrid
Other Authors: Tutor: Dalla-Torre Parrales, Cedrick Elksnher
Format: Tesis Section = Libro
Language:Undetermined
Spanish
Published: Managua UNI 2010
Subjects:
LEADER 01006nam a2200229Ia 4500
008 240830s9999 xx 000 0 und d
040 |a BIBLIOTECA-RUSB/ T.Mon 658.8 M421 
041 |a spa 
082 |a T.Mon 658.8 M421 
100 1 |a Massoud Campos, Ingrid 
245 1 0 |a Estudio para el fortalecimiento y expansión de la microempresa distribuidora Variedades Romero y Cía. Ltda 
260 |a Managua  |b UNI  |c 2010 
300 |a 44 p. :il. 
500 |a Contiene: anexos. 
502 |a Tesis (Ingeniero en Computación) - UNI, 2010. 
520 3 |a El presente estudio es un análisis del tipo descriptivo correlacional para el fortalecimiento y expansión de la distribuidora Variedades Romero y Cia Ltda, basado en la observación y en el uso de herramientas de recolección de datos como lo es la encuesta y la entrevista. 
650 7 |a MERCADEO 
650 7 |b  ADMINISTRACIÓN DE MERCADO 
700 1 |a Tutor:  |b Dalla-Torre Parrales, Cedrick Elksnher 
942 |c BK  |2 ddc 
991 |a TESIS 
999 |c 21922